000
00331nam a2200145Ia 4500
008
221030s9999 xx 000 0 und d
041
_a
English
082
_a
105.23
_b
Sax
100
_a
P. B. Saxena
245
0
_a
IIT Chemistry
260
_b
Krishna Prakashan
_a
Meerut
_c
1995
300
_a
1684
650
_a
Chemistry
942
_c
BK
999
_c
7455
_d
7455